Vaṭeśvarasiddhāntaḥ. (Record no. 63442)

MARC details
000 -LEADER
fixed length control field 00684cam a22002531 4500
001 - CONTROL NUMBER
control field sa 65003930
003 - CONTROL NUMBER IDENTIFIER
control field DLC
005 - DATE AND TIME OF LATEST TRANSACTION
control field 20260227112127.0
008 - FIXED-LENGTH DATA ELEMENTS--GENERAL INFORMATION
fixed length control field 891026m19629999ii a 000 0 sano
010 ## - LIBRARY OF CONGRESS CONTROL NUMBER
LC control number sa 65003930
035 ## - SYSTEM CONTROL NUMBER
System control number (OCoLC)20554735
040 ## - CATALOGING SOURCE
Original cataloging agency DLC
Transcribing agency WaU
Modifying agency DLC
041 0# - LANGUAGE CODE
Language code of text/sound track or separate title sanhin
050 00 - LIBRARY OF CONGRESS CALL NUMBER
Classification number QB16
Item number .V3
100 0# - MAIN ENTRY--PERSONAL NAME
Personal name Vaṭeśvarācārya,
Dates associated with a name active 904.
245 10 - TITLE STATEMENT
Title Vaṭeśvarasiddhāntaḥ.
260 ## - PUBLICATION, DISTRIBUTION, ETC.
Date of publication, distribution, etc. [1962-
300 ## - PHYSICAL DESCRIPTION
Extent v.
Other physical details illus.
Dimensions 25 cm.
500 ## - GENERAL NOTE
General note Vol. 1 has added t. p. in English.
500 ## - GENERAL NOTE
General note Hindi and Sanskrit ; introd. in Hindi.
650 #0 - SUBJECT ADDED ENTRY--TOPICAL TERM
Topical term or geographic name entry element Astronomy, Ancient.
700 1# - ADDED ENTRY--PERSONAL NAME
Personal name Śarmmā, Rāmasvarūpa.
700 1# - ADDED ENTRY--PERSONAL NAME
Personal name Mishra, Mukund.

No items available.

Powered by Koha